GPS : Theory,algorithms and applications

Salvato in:
Dettagli Bibliografici
Autore principale: Xu, Guochang (Autore)
Natura: Libro
Lingua:inglese
Pubblicazione: Berlin : Springer Verlag, 2007
Edizione:2.vyd.
Tags: Aggiungi Tag
Nessun Tag, puoi essere il primo ad aggiungerne!!

MARC

LEADER 00000nam a22000003a 4500
001 stu162802
005 20150617230007.4
008 080506s2007----gw------------------eng-d
020 |a 978-3-540-72714-9 
040 |a STU  |b slo 
041 0 |a eng 
044 |a gw 
080 |a 526.9 
100 1 |a Xu, Guochang  |4 aut 
245 1 |a GPS :  |b Theory,algorithms and applications 
250 |a 2.vyd. 
260 |a Berlin :  |b Springer Verlag,  |c 2007 
300 |a 340 s 
996 |c V*49975/O-22214  |l VV3  |s P  |a 0  |w stu162802_0001